000 01575nam a2200457 i 4500
001 991027889259705066
003 KOSZ 005
005 20211203113632.0
008 050824s2005 pl a f |000 0 pol
015 _aPB 2005/16838
020 _a8389334429
035 _a991027889259705066
035 _a(PL-WaBN)b17555668-48omnis_nlop
035 _ab17555668
035 _a(OCoLC)749463070
035 _a(PL)b0000001755566
035 _a(EXLNZ-48OMNIS_NETWORK)9910234008405606
040 _aWA N/PBbj
_cWA N/PBbj
_dWA N/PBezm
_dWA N/PBmas
_dTOR U/TMs
_dKOSZ 005/HR
046 _k2005
080 _a621.926/.929
080 _a664
100 1 _aFlizikowski, Józef
_d(1951- )
_eAutor
245 1 0 _aKonstrukcja rozdrabniaczy żywności /
_cJózef B. Flizikowski.
260 _aBydgoszcz :
_bWydawnictwa Uczelniane Akademii Techniczno-Rolniczej,
_ccop. 2005.
300 _a215 s. :
_brys., wykr. ;
_c24 cm.
336 _2rdacontent
_aTekst
_btxt
337 _2rdamedia
_aBez urządzenia pośredniczącego
_bn
338 _2rdacarrier
_aWolumin
_bnc
380 _aKsiążki
388 _a2001-
504 _aBibliogr. s. 209-215.
658 _aInżynieria i technika
658 _aRolnictwo i leśnictwo
650 7 _aNarzędzia i maszyny
650 7 _aTechnologia żywności
_2DBN
650 7 _aRozdrabnianie
_2DBN
650 7 _a Konstrukcja maszyn i urządzeń
856 _uhttp://koha.tu.koszalin.pl/cgi-bin/koha/opac-detail.pl?biblionumber=51556
_yKatalog online BPK
942 _2UKD
_cKS
999 _c51556
_d51556